000 00788cam a2200229 a 4500
001 13457588
005 20180110085051.0
008 040114s2005 maua b 001 0 eng
010 _a 2004044284
020 _a0321227352
040 _aDLC
_cDLC
_dDLC
041 _aeng
080 _a004.678
082 0 0 _a004.678 KUR
_222
100 1 _a30
101 _aSHKI
245 1 0 _aComputer networking :
_cJames F. Kurose, Keith W. Ross.
504 _aIncludes bibliographical references (p. 763-795) and index.
906 _a7
_bcbc
_corignew
_d1
_eocip
_f20
_gy-gencatlg
942 _2ddc
_cBK
999 _c40051
_d40051